[Event "Pan-AM College-chT 2018"]
[Site "Burlingame"]
[Date "2018.12.29"]
[Round "4"]
[White "Cordova, Emilio"]
[Black "Raznikov, Danny"]
[Result "1/2-1/2"]
[WhiteElo "2595"]
[BlackElo "2499"]
[Annotator "TA"]
[PlyCount "95"]
[EventDate "2018.12.28"]
[EventType "swiss"]
[EventCountry "USA"]
[SourceTitle "playchess.com"]
[Source "ChessBase"]
[SourceQuality "1"]

{[%evp 26,95,10,14,20,6,10,5,5,-4,2,17,18,3,12,-7,-7,-13,0,0,0,0,0,0,0,0,0,0,0,0,0,-16,-13,-28,-31,-32,-29,-31,-2,-1,-1,-8,0,0,0,0,0,0,0,0,0,0,0,0,0,0,0,0,0,0,0,-7,-8,-18,-18,-18,-18,-18,-18,-18,-18,-18]} 1. Nf3 d5 2. c4 e6 3. g3 Nf6 4. Bg2 Be7 5. O-O O-O 6. d4 dxc4 7. Qc2 a6 8. a4 Bd7 9. Qxc4 Bc6 10. Bg5 Bd5 11. Qc2 Be4 12. Qc1 h6 13. Bxf6 {E05: Open Catalan: 5 Nf3 Be7} Bxf6 14. Nbd2 {LiveBook: 9 Games} (14. Rd1 a5 15. Nbd2 Bxf3 16. Bxf3 c6 17. Nc4 Na6 18. Qf4 Nb4 19. e3 Qe7 20. h4 Rfd8 {½-½ (44) Wojtaszek,R (2734)-Kryvoruchko,Y (2714) Chartres 2017}) 14... Bh7 15. Nb3 Nd7 16. Nfd2 $146 ({Predecessor:} 16. Nc5 Nxc5 17. Qxc5 c6 18. e3 Qd5 19. Rfc1 Be4 20. Ne1 Bxg2 21. Nxg2 {½-½ (58) Nilsson,J (2126)-Antonsen,M (2440) Gothenburg 2017}) 16... c6 17. Rd1 a5 18. Nc4 Be7 19. e4 Bb4 20. e5 Qc7 21. Qe3 Rad8 22. Rac1 Nb6 23. Nxb6 Qxb6 24. h4 Bf5 25. Bf3 Be7 26. Kg2 Qb4 27. Qc3 Qxc3 (27... Qxa4 {feels hotter.} 28. Ra1 Qb4 29. Nxa5 Qb5 30. Nc4 Ra8) 28. bxc3 Ba3 29. Nxa5 (29. Ra1 {looks sharper.} Bb2 30. Nxa5 Bxa1 31. Rxa1 Rd7 32. Ra2) 29... Bxc1 30. Rxc1 Rd7 31. Nc4 f6 32. a5 {The position is equal.} Bd3 33. Nd6 Rfd8 34. c4 Rxd6 35. exd6 Rxd6 $11 {[%mdl 4096] Endgame KRB-KRB} 36. d5 $1 exd5 37. cxd5 cxd5 38. Rc8+ Kh7 39. Rc5 Be4 40. Bxe4+ dxe4 {KR-KR} 41. Rb5 Rd7 42. h5 g6 43. hxg6+ Kxg6 44. g4 Re7 45. Kg3 e3 46. fxe3 Rxe3+ 47. Kf4 Re7 48. Rb6 {Accuracy: White = 70%, Black = 66%.} 1/2-1/2

[Event "Pan-AM College-chT 2018"]
[Site "Burlingame"]
[Date "2018.12.29"]
[Round "4"]
[White "Stukopin, Andrey"]
[Black "Vorontsov, Pavlo"]
[Result "1/2-1/2"]
[WhiteElo "2565"]
[BlackElo "2548"]
[Annotator "TA"]
[PlyCount "58"]
[EventDate "2018.12.28"]
[EventType "swiss"]
[EventCountry "USA"]
[SourceTitle "playchess.com"]
[Source "ChessBase"]
[SourceQuality "1"]

{[%evp 17,58,8,30,8,19,0,0,-4,-8,-12,-8,-2,29,-2,-17,-15,-14,-22,-32,-29,-24,-20,-10,-31,-4,-24,-11,0,0,0,0,0,0,-7,43,39,32,0,0,0,0,0,16]} 1. e4 e5 2. Nf3 Nc6 3. Bc4 Nf6 4. d3 Bc5 5. O-O d6 6. c3 a6 7. a4 {C54: Giuoco Piano: 4 c3 Nf6, main lines with 5 d4 and 5 d3} Ba7 (7... h6 8. Re1 O-O 9. h3 Re8 10. b4 Ba7 11. Nbd2 Qe7 12. Nf1 Be6 13. Be3 Bxc4 14. dxc4 Qe6 15. Bxa7 Nxa7 {1-0 (47) Karjakin,S (2760)-Mamedyarov,S (2799) Riadh 2017}) 8. Re1 O-O 9. h3 h6 {LiveBook: 108 Games} 10. a5 Ne7 11. Nbd2 Ng6 12. Nf1 c6 13. Bb3 $146 ({Predecessor:} 13. Ng3 Qc7 14. Bb3 Re8 15. Nf5 Bxf5 16. exf5 {0-1 (45) Demirbas,F (1782)-Turan,A (1996) Konya 2017}) 13... Re8 14. Ng3 Be6 15. Bc2 d5 16. exd5 Bxd5 17. Be3 Bxe3 18. Rxe3 Qc7 19. c4 Bxf3 20. Qxf3 Nh4 21. Qe2 Rad8 22. b4 Rd4 23. Re1 {[%cal Re3e5]} Nd7 24. Re4 $36 {[%mdl 2048] White fights for an advantage.} Rxe4 25. dxe4 Ng6 {[%cal Bh4g6,Bg6f4,Bf4e2][%mdl 32]} 26. c5 Nf4 27. Qc4 g6 $1 {The position is equal.} 28. Bb3 Nf8 29. Ne2 Nxe2+ {Accuracy: White = 65%, Black = 86%.} 1/2-1/2

[Event "Pan-AM College-chT 2018"]
[Site "Burlingame"]
[Date "2018.12.29"]
[Round "4"]
[White "Matsenko, Sergei"]
[Black "Dragun, Kamil"]
[Result "1/2-1/2"]
[WhiteElo "2524"]
[BlackElo "2578"]
[Annotator "ChessBase"]
[PlyCount "44"]
[EventDate "2018.12.28"]
[EventType "swiss"]
[EventCountry "USA"]
[SourceTitle "playchess.com"]
[Source "ChessBase"]
[SourceQuality "1"]
[TimeControl "5400+30"]

1. d4 {[%emt 0:00:00]} Nf6 {[%emt 0:03:28]} 2. c4 {[%emt 0:00:00]} e6 {[%emt 0:00:07]} 3. g3 {[%emt 0:00:00]} d5 {[%emt 0:00:24]} 4. Bg2 {[%emt 0:00:02]} Bb4+ {[%emt 0:00:23]} 5. Bd2 {[%emt 0:01:33]} Be7 {[%emt 0:00:10]} 6. Nf3 {[%emt 0:01:11]} c6 {[%emt 0:00:09]} 7. Qc2 {[%emt 0:01:02]} Nbd7 {[%emt 0:00:21]} 8. O-O {[%emt 0:00:25]} O-O {[%emt 0:00:15]} 9. Bf4 {[%emt 0:00:48]} b6 {[%emt 0:05:26]} 10. Nc3 {[%emt 0:04:56]} dxc4 {[%emt 0:02:36]} 11. Nd2 {[%emt 0:03:23]} Nd5 {[%emt 0:00:30]} 12. Nxc4 {[%emt 0:00:17]} Nxf4 {[%emt 0:00:12]} 13. gxf4 {[%emt 0:00:07]} Bb7 {[%emt 0:00:29]} 14. Rfd1 {[%emt 0:01:57]} Qc7 {[%emt 0:00:11]} 15. e3 {[%emt 0:00:05]} Rad8 {[%emt 0:00:04]} 16. Rac1 {[%emt 0:11:48]} c5 {[%emt 0:01:59]} 17. d5 {[%emt 0:00:57]} exd5 {[%emt 0:00:27]} 18. Nxd5 {[%emt 0:00:49]} Bxd5 {[%emt 0:00:07]} 19. Rxd5 {[%emt 0:00:01]} b5 {[%emt 0:00:18]} 20. Ne5 {[%emt 0:02:30]} Nxe5 {[%emt 0:00:06]} 21. Rxe5 {[%emt 0:00:02]} Bd6 {[%emt 0:00:10]} 22. Rd5 {[%emt 0:00:59]} Be7 {[%emt 0:00:09]} 1/2-1/2

[Event "Pan-AM College-chT 2018"]
[Site "Burlingame"]
[Date "2018.12.29"]
[Round "4"]
[White "Preotu, Razvan"]
[Black "Durarbayli, Vasif"]
[Result "0-1"]
[WhiteElo "2524"]
[BlackElo "2620"]
[Annotator "TA"]
[PlyCount "90"]
[EventDate "2018.12.28"]
[EventType "swiss"]
[EventCountry "USA"]
[SourceTitle "playchess.com"]
[Source "ChessBase"]
[SourceQuality "1"]

{[%evp 12,90,0,-1,13,14,0,20,0,11,4,2,72,72,75,54,59,17,17,20,70,60,56,56,73,80,59,65,86,34,43,41,58,75,66,38,38,36,59,28,42,0,0,0,0,0,0,-112,-110,-129,-95,-110,-63,-154,-155,-210,-275,-269,-245,-252,-235,-417,-339,-502,-502,-742,-742,-1066,-990,-887,-1017,-989,-882,-1001,-1081,-1000,-1029,-976,-847,-1424,-1542]} 1. e4 e5 2. Nf3 Nc6 3. Bb5 Nf6 4. d3 d6 5. c4 Be7 6. Nc3 {C65: Ruy Lopez: Berlin Defence (3...Nf6), unusual lines and 4 0-0 Bc5} O-O 7. h3 {LiveBook: 11 Games} Nd4 8. Nxd4 {The position is equal.} exd4 9. Ne2 c6 10. Ba4 d5 $146 ({Predecessor:} 10... c5 11. O-O Nd7 12. Ng3 Nb6 13. Bc2 {1-0 (41) Antal,T (2420)-Faibisovich,V (2320) Basel 2017}) 11. cxd5 Qa5+ (11... cxd5 $11 12. O-O dxe4) 12. Bd2 $16 Bb4 {White must now prevent ...Bxd2+.} 13. Bb3 $36 {[%mdl 2048] White is pushing.} cxd5 14. f3 dxe4 15. dxe4 Be6 {aiming for ...Bxb3.} 16. Bxb4 Qxb4+ 17. Qd2 Qb6 18. Bxe6 (18. Nxd4 $2 Rad8 $17) 18... fxe6 19. Qxd4 Qa6 20. Rd1 ({Better is} 20. Qe3 $16) 20... Rad8 $14 21. Qxd8 Rxd8 22. Rxd8+ Kf7 23. Rd2 (23. a3 {looks sharper.} Nd5 24. Rd7+ Ke8 25. Rxg7 Qa5+ 26. b4) 23... Qxa2 24. O-O Qa5 25. Nc3 Qc5+ 26. Rff2 b5 {[%cal Bb7b5,Bb5b4][%mdl 32]} 27. g4 b4 28. Ne2 h5 {[%cal Bh7h5,Bh5h4][%mdl 32]} 29. Ng3 {[#]} (29. Nf4 $11) 29... h4 $1 $17 {[%cal Rh4g3][%mdl 1024] Black has strong compensation.} 30. Nf1 {[#]} Ke7 $1 31. Rc2 Qb6 32. Kg2 (32. Nd2 $1 $15) 32... Nd7 33. Rfd2 (33. f4 $17) 33... g5 $19 34. Rc8 {Threatening Rg8.} Ne5 35. Rg8 Kf6 36. Re8 $2 (36. Rdd8 Qb5 37. Rgf8+ Ke7 38. Rde8+ Qxe8 39. Rxe8+ Kxe8 40. Nd2) 36... Ng6 37. e5+ (37. Rc8 $142 a5 38. Rc1) 37... Kxe5 {Black is clearly winning.} 38. Re2+ Kf6 {( -> ...Nf4+)} 39. R8xe6+ Qxe6 40. Rxe6+ Kxe6 {KN-KN} 41. Nd2 Nf4+ 42. Kf2 Nxh3+ 43. Ke3 Kd5 44. b3 Nf4 45. Ne4 h3 {Accuracy: White = 37%, Black = 73%.} 0-1

[Event "Pan-AM College-chT 2018"]
[Site "Burlingame"]
[Date "2018.12.29"]
[Round "4"]
[White "Shtembuliak, Evgeny"]
[Black "Belous, Vladimir"]
[Result "1-0"]
[WhiteElo "2501"]
[BlackElo "2533"]
[Annotator "TA"]
[PlyCount "107"]
[EventDate "2018.12.28"]
[EventType "swiss"]
[EventCountry "USA"]
[SourceTitle "playchess.com"]
[Source "ChessBase"]
[SourceQuality "1"]

{[%evp 26,107,43,33,74,84,103,96,117,112,90,63,79,68,65,65,77,69,119,115,118,93,96,96,118,103,114,106,128,111,109,107,146,113,140,141,141,121,156,156,156,156,183,183,212,157,212,162,170,170,170,136,199,199,199,208,301,320,568,547,707,888,740,876,843,835,813,493,813,813,797,693,875,733,608,602,1806,1818,3189,2947,29974,29975,29975,29976]} 1. c4 e5 2. Nc3 Nf6 3. Nf3 Nc6 4. e3 Bb4 5. Qc2 O-O 6. Nd5 Re8 7. Qf5 d6 8. Nxf6+ Qxf6 9. Qxf6 gxf6 10. a3 Bc5 11. b4 Bb6 {A28: English Opening: Four Knights Variation} 12. Bb2 a5 13. b5 Ne7 14. d4 {LiveBook: 19 Games} c5 (14... Ng6 15. a4 Bg4 16. O-O-O exd4 17. Bxd4 Bxd4 18. Rxd4 Bxf3 19. gxf3 {1-0 (34) Grischuk,A (2785)-Giri,A (2737) Elancourt 2013 CBM 157 [ChessBase Website]}) 15. dxe5 dxe5 $146 ({Predecessor:} 15... fxe5) 16. Nd2 Kg7 17. Ne4 Rd8 18. Be2 Bf5 19. Ng3 Bg6 20. Nh5+ Bxh5 $1 21. Bxh5 Bc7 22. Bf3 Rab8 23. Rd1 Rxd1+ 24. Kxd1 Rd8+ 25. Ke2 b6 26. g4 h6 27. Be4 Nc8 28. a4 Ne7 29. h3 {[%cal Bh2h3,Bh3h4,Bh4h5][%mdl 32]} Bb8 30. Bc3 Bc7 31. h4 Bb8 32. h5 Bc7 33. Rf1 Bb8 34. f4 Bc7 35. Kf3 Bb8 (35... Nc8 $16 36. Rc1 Ne7) 36. Rg1 Bc7 37. Bc2 Nc8 38. Rc1 Kf8 (38... Nd6 $16) 39. Rd1 $18 Rxd1 40. Bxd1 exf4 (40... Nd6 $142 41. fxe5 fxe5) 41. Bxf6 ({Less strong is} 41. exf4 f5 $16) 41... fxe3 $2 {[%mdl 4096] Endgame KBB-KBN} (41... Nd6 42. exf4 Nxc4) 42. g5 {[%cal Bg4g5,Bg5h6,Bh6h7][%mdl 32]} Bd6 43. gxh6 {[#] h7 would kill now.} Be7 44. Bc3 {Hoping for h7.} f6 45. Bc2 Nd6 46. Bd3 Nf7 (46... Kf7 $142 47. Kxe3 Kg8) 47. h7 Kg7 48. Kxe3 Ng5 49. Bf5 Nf7 50. Bg6 Nd6 51. Kd3 Bd8 52. Bd2 Bc7 {[#]} 53. Bh6+ $1 {[%mdl 512]} Kh8 (53... Kxh6 54. h8=Q+) 54. Bf8 {Precision: White = 82%, Black = 40%.} 1-0

[Event "Pan-AM College-chT 2018"]
[Site "Burlingame"]
[Date "2018.12.29"]
[Round "4"]
[White "Reshef, Omer"]
[Black "Quesada Perez, Yuniesky"]
[Result "0-1"]
[WhiteElo "2490"]
[BlackElo "2642"]
[Annotator "TA"]
[PlyCount "94"]
[EventDate "2018.12.28"]
[EventType "swiss"]
[EventCountry "USA"]
[SourceTitle "playchess.com"]
[Source "ChessBase"]
[SourceQuality "1"]

{[%evp 22,94,0,0,0,-4,0,-7,0,-12,9,-54,-31,-66,0,0,0,0,0,-10,-4,-18,-24,-16,-23,-54,-39,-41,0,-14,-22,-25,0,-61,-52,-69,0,-66,0,-86,-79,-133,-121,-112,-77,-129,-57,-64,-65,-92,-92,-94,-58,-64,-42,-80,-83,-205,-214,-208,-202,-206,-174,-314,-287,-492,-432,-489,-493,-489,-488,-1423,-1379,-1324,-1273]} 1. e4 e5 2. Nf3 Nc6 3. Nc3 Nf6 4. Bb5 Bb4 5. O-O O-O 6. d3 {[%cal Bd2d3,Bd3d4][%mdl 32]} Bxc3 7. bxc3 d6 8. Re1 h6 9. d4 Bd7 10. Rb1 {C49: Four Knights: 4 Bb5 Bb4} b6 11. h3 Re8 12. Bd3 {LiveBook: 4 Games. The position is equal.} Nh7 13. Be3 {[#]} Qf6 $146 ({Predecessor:} 13... Nf8 14. Nh2 Qf6 15. Bb5 Rad8 16. Qd3 Qg6 17. Bd2 Na5 18. Ba6 Bc8 19. Bb5 Bd7 20. Ba6 Bc8 21. Bb5 Bd7 22. Ba6 {½-½ (22) Sutovsky,E (2671)-Kamsky,G (2741) Loo 2013}) 14. Kh2 Ne7 {[%cal Bc6e7,Be7g6,Bg6f4][%mdl 32]} 15. Ng1 Rad8 16. g3 (16. Qd2 $11) 16... Qg6 17. g4 Qf6 (17... Ng5 $15 18. Qe2 d5 19. Bxg5 (19. exd5 e4 $17) 19... Qxg5) 18. Qf3 $1 $11 Ng6 19. Qxf6 $1 Nxf6 20. d5 Nf4 21. Ne2 g5 {[%cal Bg7g5,Bg5f4][%mdl 32]} 22. f3 Kg7 23. Nxf4 gxf4 24. Bf2 Rc8 25. Ba6 Rb8 26. Rg1 Nh7 27. Rgd1 (27. h4 $11) 27... Ng5 $15 28. Kg2 f6 (28... h5 $1 $15) 29. Rb4 (29. h4 $11 Nf7 30. Rb4) 29... Re7 ({Black should play} 29... h5 $1 $15) 30. c4 (30. h4 $11 Nf7 31. Bd3) 30... Rh8 $17 31. Bb5 {[#]} (31. h4 $142 Nf7 32. h5) 31... h5 $1 32. Bxd7 Rxd7 33. gxh5 (33. Rb3 $142) 33... Rxh5 (33... Kh6 $17 {Hoping for ...Rg7.} 34. h4 Nf7) 34. h4 $15 Nh7 35. Kh3 f5 36. exf5 Rxf5 37. Rg1+ Kf8 38. Rbb1 Nf6 39. Rg5 (39. a4 $17) 39... Rxg5 $19 40. hxg5 {[%mdl 4096] Endgame KRB-KRN} Rh7+ 41. Bh4 Ne8 42. Kg4 (42. g6 {is a better defense.} Rh8 43. Rh1) 42... Kf7 43. c5 $2 (43. g6+ {was forced.} Kxg6 44. Rg1) 43... Kg6 {Black is clearly winning.} 44. cxb6 axb6 45. a4 Ng7 46. a5 (46. Rc1 $142 Nf5 47. Bf2) 46... Nf5 {[%csl Gf5][%cal Rh7h4] [#]} 47. Bf2 Rh2 {Accuracy: White = 31%, Black = 54%.} 0-1

[Event "Pan-AM College-chT 2018"]
[Site "Burlingame"]
[Date "2018.12.29"]
[Round "4"]
[White "Berczes, David"]
[Black "Nyzhnyk, Illya"]
[Result "0-1"]
[WhiteElo "2472"]
[BlackElo "2624"]
[Annotator "ChessBase"]
[PlyCount "80"]
[EventDate "2018.12.28"]
[EventType "swiss"]
[EventCountry "USA"]
[SourceTitle "playchess.com"]
[Source "ChessBase"]
[SourceQuality "1"]
[TimeControl "5400+30"]

1. Nf3 {[%emt 0:04:57]} Nf6 {[%emt 0:00:00]} 2. c4 {[%emt 0:00:04]} g6 {[%emt 0:00:00]} 3. Nc3 {[%emt 0:01:29]} Bg7 {[%emt 0:00:00]} 4. e4 {[%emt 0:02:07]} d6 {[%emt 0:00:00]} 5. d4 {[%emt 0:00:03]} O-O {[%emt 0:00:00]} 6. Be2 {[%emt 0:00:05]} e5 {[%emt 0:00:09]} 7. O-O {[%emt 0:00:05]} Nc6 {[%emt 0:00:03]} 8. Be3 {[%emt 0:03:51]} Ng4 {[%emt 0:00:16]} 9. Bg5 {[%emt 0:00:05]} f6 {[%emt 0:00:04]} 10. Bh4 {[%emt 0:00:25]} h5 {[%emt 0:00:49]} 11. h3 {[%emt 0:09:57]} Nh6 {[%emt 0:00:50]} 12. dxe5 {[%emt 0:10:07]} dxe5 {[%emt 0:00:16]} 13. Qb3 {[%emt 0:04:03]} Qe7 {[%emt 0:15:09]} 14. Nd5 {[%emt 0:06:32]} Qf7 {[%emt 0:00:05]} 15. Rad1 {[%emt 0:03:03]} Kh8 {[%emt 0:00:47]} 16. c5 {[%emt 0:12:26]} Ng8 {[%emt 0:00:52]} 17. Bg3 {[%emt 0:03:51]} Rb8 {[%emt 0:06:41]} 18. Nh4 {[%emt 0:17:21]} g5 {[%emt 0:01:39]} 19. Nf5 {[%emt 0:04:23]} Bxf5 {[%emt 0:07:13]} 20. exf5 {[%emt 0:00:12]} h4 {[%emt 0:00:03]} 21. Bh2 {[%emt 0:00:08]} Nge7 {[%emt 0:00:04]} 22. Nxe7 {[%emt 0:05:04]} Qxe7 {[%emt 0:00:04]} 23. Qf3 {[%emt 0:00:57]} Bh6 {[%emt 0:00:05]} 24. Bc4 {[%emt 0:01:56]} Rfd8 {[%emt 0:00:52]} 25. Qh5 {[%emt 0:02:32]} Qh7 {[%emt 0:00:01]} 26. a3 {[%emt 0:06:45]} Bf8 {[%emt 0:01:52]} 27. Qxh7+ {[%emt 0:00:30]} Kxh7 {[%emt 0:00:04]} 28. b4 {[%emt 0:00:24]} a5 {[%emt 0:00:03]} 29. Rb1 {[%emt 0:00:37]} axb4 {[%emt 0:12:05]} 30. axb4 {[%emt 0:00:05]} Ra8 {[%emt 0:00:02]} 31. Rfc1 {[%emt 0:00:54]} Ra4 {[%emt 0:00:41]} 32. b5 {[%emt 0:00:23]} Nd4 {[%emt 0:00:07]} 33. c6 {[%emt 0:00:37]} bxc6 {[%emt 0:00:56]} 34. bxc6 {[%emt 0:00:12]} Ba3 {[%emt 0:00:09]} 35. Rc3 {[%emt 0:00:22]} Bb4 {[%emt 0:02:33]} 36. Rd3 {[%emt 0:00:44]} Ba5 {[%emt 0:02:02]} 37. Bb3 {[%emt 0:00:43]} Rb8 {[%emt 0:00:46]} 38. Bxa4 {[%emt 0:00:29]} Rxb1+ {[%emt 0:00:05]} 39. Rd1 {[%emt 0:00:08]} Rb2 {[%emt 0:01:03]} 40. Rf1 {[%emt 0:00:52]} Nxf5 {[%emt 0:02:33]} 0-1

[Event "Pan-AM College-chT 2018"]
[Site "Burlingame"]
[Date "2018.12.30"]
[Round "5"]
[White "Ipatov, Alexander"]
[Black "Bruzon Batista, Lazaro"]
[Result "1/2-1/2"]
[WhiteElo "2649"]
[BlackElo "2664"]
[Annotator "TA"]
[PlyCount "36"]
[EventDate "2018.12.28"]
[EventType "swiss"]
[EventCountry "USA"]
[SourceTitle "playchess.com"]
[Source "ChessBase"]
[SourceQuality "1"]

{[%evp 15,36,-17,-21,-31,-6,-5,-10,-31,-31,-44,-31,-37,-4,-9,-8,-16,-15,-5,-6,-17,-13,-15,7]} 1. d4 Nf6 2. c4 e6 3. Nf3 d5 4. g3 Bb4+ 5. Nbd2 dxc4 6. Bg2 b5 {E04: Open Catalan: 5 Nf3} 7. O-O (7. a4 c6 8. O-O O-O 9. Ne1 Nd5 10. e4 Nb6 11. a5 N6d7 12. e5 Bb7 13. Ne4 Na6 14. Bg5 {½-½ (44) Wang,H (2709)-Ding,L (2777) Huaian 2017}) 7... a5 8. a4 c6 {LiveBook: 13 Games} 9. b3 cxb3 $146 ({Predecessor:} 9... c3 10. Nb1 Bb7 11. Qc2 bxa4 12. bxa4 c5 13. Nxc3 O-O 14. dxc5 {0-1 (48) Mikhalevski,V (2579)-Roiz,M (2649) Caleta 2011}) 10. Nxb3 bxa4 11. Rxa4 Ba6 12. Bd2 Bb5 13. Ra1 Nbd7 14. Bxb4 {The position is equal.} axb4 15. Qd2 O-O 16. Rxa8 Qxa8 17. Ra1 Qb8 18. Ne1 Qb6 1/2-1/2

[Event "Pan-AM College-chT 2018"]
[Site "Burlingame"]
[Date "2018.12.30"]
[Round "5"]
[White "Quesada Perez, Yuniesky"]
[Black "Bok, Benjamin"]
[Result "1/2-1/2"]
[WhiteElo "2642"]
[BlackElo "2643"]
[Annotator "TA"]
[PlyCount "127"]
[EventDate "2018.12.28"]
[EventType "swiss"]
[EventCountry "USA"]
[SourceTitle "playchess.com"]
[Source "ChessBase"]
[SourceQuality "1"]

{[%evp 9,127,8,2,12,4,5,19,8,24,18,18,2,14,16,31,4,-2,-9,-12,-25,21,14,29,27,21,-20,-6,-48,-35,-46,-37,-45,-38,-96,-94,-89,-89,-97,-91,-90,-87,-110,-114,-86,-75,-112,-125,-131,-100,-104,-101,-95,-95,-104,-85,-109,-127,-118,-116,-121,-125,-125,-114,-168,-171,-172,-171,-162,-166,-170,-164,-172,-176,-187,-189,-189,-189,-196,-196,-236,-235,-234,-236,-236,-236,-235,-240,-235,-241,-230,-191,-205,0,-196,-98,-99,-85,-92,-76,-76,-76,-89,-8,-8,-8,-8,-2,-2,-2,-2,-2,-2,-2,-8,0,0,0,0,0,0]} 1. e4 e5 2. Nf3 Nc6 3. Bb5 Nf6 4. d3 Bc5 5. h3 (5. c3 O-O 6. O-O d5 7. Nbd2 dxe4 8. dxe4 a5 9. Bxc6 bxc6 10. Nxe5 Re8 11. Nb3 Qxd1 12. Rxd1 Bb6 13. Nc4 Nxe4 14. Nxb6 cxb6 {½-½ (43) Sethuraman,S (2673)-Giri,A (2780) Douglas 2018}) 5... Nd4 6. Nxd4 {C65: Ruy Lopez: Berlin Defence (3...Nf6), unusual lines and 4 0-0 Bc5} Bxd4 7. c3 Bb6 8. Bg5 $146 ({Predecessor:} 8. Nd2 O-O 9. Nf3 c6 10. Ba4 d5 11. exd5 Qxd5 12. Bb3 Qd6 {1-0 (28) McMahon,P (1972)-Cook,M (1976) England 2015}) 8... h6 9. Bh4 $1 c6 10. Ba4 d6 11. Nd2 Be6 12. Qe2 Qe7 13. Nf1 O-O-O $36 {[%mdl 2048] Black is more active.} 14. Ne3 d5 15. exd5 cxd5 16. O-O Bc7 17. d4 e4 18. Bg3 g6 19. Rac1 Kb8 20. Bxc7+ Qxc7 21. Qb5 ({White should try} 21. Rfd1 $15) 21... Nh5 $17 22. Qc5 Qxc5 23. dxc5 d4 24. cxd4 Rxd4 25. Bc2 Nf4 {Threatens to win with ...Ne2+.} 26. Rfd1 Rb4 27. Kf1 Bxa2 28. c6 Be6 29. cxb7 Kxb7 30. Ra1 Rc8 31. Rd6 Nd3 32. Bxd3 exd3 33. Rxd3 Rxb2 34. Rda3 Ra8 35. g4 a6 36. f4 (36. Kg2 $17 {keeps fighting.}) 36... Rb4 $19 37. f5 gxf5 38. gxf5 {[#]} Bxf5 $1 {[%mdl 512]} 39. Nxf5 {aiming for Nd6+.} Rf4+ {[%mdl 64] Double Attack} 40. Ke2 {Hoping for Rb3+.} Rxf5 {[%mdl 4096] Endgame KRR-KRR} 41. Rd3 a5 42. Rd6 Re8+ 43. Kd2 {[#]} Re6 $1 {[%cal Re6d6]} 44. Rd7+ Kc6 45. Ra7 Kb6 46. Ra8 Rd5+ 47. Kc3 Rc6+ 48. Kb3 Rd3+ 49. Kb2 Rd2+ 50. Kb3 Rd3+ 51. Kb2 Rf6 (51... Rc5 $19 52. Rf1 Rxh3 53. Rb8+ Kc7) 52. Kc2 $17 Rd5 ({Much worse is} 52... Rxh3 53. Rb1+ Kc5 54. Rxa5+ Kc4 55. Ra4+ Kd5 56. Rb5+ Kc6 57. Ra6+ Kxb5 58. Rxf6 $11) 53. Rb1+ Kc7 54. Ra7+ Kc8 55. Rbb7 Ra6 (55... Rf4 $17) 56. Rxa6 $11 {The position is equal.} Kxb7 57. Rxh6 {KR-KR} f5 58. h4 {[%cal Bh3h4,Bh4h5,Bh5h6,Bh6h7][%mdl 32]} Kc7 59. h5 Kd7 60. Rg6 Ke7 61. h6 Kf7 62. h7 {Intending Rg8 and mate.} Rd8 63. Rg5 Rh8 {And now ...Kf6 would win.} 64. Rxf5+ {Accuracy: White = 69%, Black = 73%.} 1/2-1/2

[Event "Pan-AM College-chT 2018"]
[Site "Burlingame"]
[Date "2018.12.30"]
[Round "5"]
[White "Nyzhnyk, Illya"]
[Black "Swiercz, Dariusz"]
[Result "1/2-1/2"]
[WhiteElo "2624"]
[BlackElo "2649"]
[Annotator "TA"]
[PlyCount "113"]
[EventDate "2018.12.28"]
[EventType "swiss"]
[EventCountry "USA"]
[SourceTitle "playchess.com"]
[Source "ChessBase"]
[SourceQuality "1"]

{[%evp 25,113,30,27,0,0,0,14,-18,0,0,0,0,0,-35,-14,-10,0,-14,18,20,15,17,43,0,0,0,0,0,0,0,0,0,0,0,0,0,36,21,50,50,66,60,64,26,23,8,34,29,34,7,5,0,87,87,165,9,9,0,0,0,0,0,0,0,0,0,0,0,0,0,0,0,0,0,0,0,0,0,0,0,0,0,0,0,0,0,0,0,0,0]} 1. d4 d5 2. c4 e6 3. Nc3 Nf6 4. Nf3 c5 5. cxd5 Nxd5 6. e4 Nxc3 7. bxc3 cxd4 8. cxd4 Bb4+ 9. Bd2 Bxd2+ 10. Qxd2 O-O 11. Rc1 b6 {D41: Queen's Gambit Declined: Semi-Tarrasch with 5 cxd5} 12. Bd3 Bb7 13. O-O Nd7 {[#] LiveBook: 68 Games. White has an edge.} 14. e5 $146 ({Predecessor:} 14. Qe3 Nf6 15. h3 Qe7 16. Nd2 Rfd8 17. Nc4 Qd7 18. e5 Ne8 19. Rfd1 {½-½ (102) Li,C (2732)-Riazantsev,A (2650) Riadh 2017}) 14... Bxf3 15. gxf3 Qh4 16. Qe3 Rfd8 17. Be4 Rac8 18. Rxc8 Rxc8 19. f4 {[%cal Bf3f4,Bf4f5][%mdl 32]} g6 20. h3 Qd8 21. Rd1 Qc7 22. d5 exd5 23. Bxd5 Nf8 24. f5 Qc2 {[%mdl 64] Double Attack} 25. Rd3 Qc1+ 26. Kh2 Qxe3 27. Rxe3 {And now e6 would win.} gxf5 $11 {[%mdl 4096] Endgame KRB-KRN} 28. Rg3+ Ng6 29. e6 $1 Kg7 30. exf7 Kf6 31. h4 {[%cal Bh3h4,Bh4h5][%mdl 32]} Rf8 32. h5 Ne5 33. Rg8 Ke7 34. Rg7 {Kg3 is the strong threat.} Ng4+ 35. Kh3 {White wants to play Kh4.} Nf6 36. Bb3 Nxh5 37. Rg1 Nf4+ 38. Kh4 a5 {[#]} (38... b5 $11 {remains equal.}) 39. a4 $1 $16 {[%mdl 1024] White has strong compensation.} h6 {[#]} (39... Kf6 $16 {was worth a try.}) 40. Bc4 $2 (40. Rg3 $1 $18) 40... Rc8 $1 $132 {[%cal Rc8c4][%mdl 2048] The position is equal. Black has counterplay} 41. Bb3 Kf6 42. Rg8 Ng6+ 43. Kh5 {[%mdl 64] Double Attack} Nf8 44. Rh8 Kg7 45. Rxh6 b5 {Threatens to win with ...Rc3.} 46. Ra6 ({Avoid the trap} 46. axb5 $2 Rc3 $19) 46... bxa4 47. Bxa4 Kxf7 48. Bb3+ Ke7 49. Ra7+ Kf6 50. Ra6+ Ke5 51. Kg5 Nh7+ 52. Kh6 Nf8 53. Rxa5+ Kf4 54. Bd5 Nd7 55. Ra4+ Ke5 56. Bb7 Nc5 57. Bxc8 {Accuracy: White = 60%, Black = 59%.} 1/2-1/2